| Tag |
First Indicator |
Second Indicator |
Subfields |
| LEADER |
00000cam a2200000 i 4500 |
| 001 |
in00004579679 |
| 003 |
OCoLC |
| 005 |
20220318143455.5 |
| 008 |
211216t20222022nyu 000 f eng |
| 010 |
|
|
|a 2021061235
|
| 024 |
8 |
|
|a 40031148851
|
| 040 |
|
|
|a DLC
|b eng
|e rda
|c DLC
|d BDX
|d OCLCF
|d OCLCO
|d YDX
|
| 019 |
|
|
|a 1289312612
|
| 020 |
|
|
|a 9780802129390
|q hardcover
|
| 020 |
|
|
|a 0802129390
|q hardcover
|
| 020 |
|
|
|z 9780802147066
|q electronic book
|
| 035 |
|
|
|a (OCoLC)1289617837
|z (OCoLC)1289312612
|
| 042 |
|
|
|a pcc
|
| 050 |
0 |
0 |
|a PS3603.L3543
|b H47 2022
|
| 082 |
0 |
0 |
|a 813/.6
|2 23/eng/20211216
|
| 100 |
1 |
|
|a Clare, Olivia,
|d 1982-
|e author.
|
| 245 |
1 |
0 |
|a Here lies :
|b a novel /
|c Olivia Clare Friedman.
|
| 250 |
|
|
|a First Grove Atlantic hardcover edition.
|
| 250 |
|
|
|a First edition.
|
| 264 |
|
1 |
|a New York :
|b Grove Press,
|c 2022.
|
| 264 |
|
4 |
|c ©2022
|
| 300 |
|
|
|a 196 pages ;
|c 22 cm
|
| 336 |
|
|
|a text
|b txt
|2 rdacontent
|
| 337 |
|
|
|a unmediated
|b n
|2 rdamedia
|
| 338 |
|
|
|a volume
|b nc
|2 rdacarrier
|
| 520 |
|
|
|a "Louisiana, 2042. Spurred by the effects of climate change, states have closed graveyards and banned burials, making cremation mandatory and the ashes of loved ones state-owned unless otherwise claimed. In the small town of St. Genevieve, Alma lives alone and struggles to grieve in the wake of her young mother Naomi's death, during which Alma failed to honor Naomi's final wishes. Now, Alma decides to fight to reclaim Naomi's ashes, a journey of unburial that will bring into her life a mysterious and fiercely loyal stranger, Bordelon, who appears in St. Genevieve after a storm, as well as a group of strong, rebellious local women who, together, teach Alma anew the meaning of family and strength. With poignance, poeticism, and deep insight, in Here Lies Olivia Clare Friedman gives us a stunning portrait of motherhood, friendship, and humanity in an alternate American South torn asunder by global warming. This is a stunning first novel from a unique and inventive writer"--
|c Provided by publisher.
|
| 655 |
|
7 |
|a Novels.
|2 fast
|0 (OCoLC)fst01921742
|
| 655 |
|
7 |
|a Novels.
|2 lcgft
|
| 945 |
|
|
|b 326902
|
| 947 |
|
|
|a A14851580622
|
| 980 |
|
|
|b print
|c 40031148851
|f LIT/B
|g 565714
|k USD
|m 19.44
|q 1
|s AcqMono Conventional
|t Approval plan
|u Vendor order reference number
|v ZYBP
|y Print approval
|z Physical resource
|
| 999 |
f |
f |
|i 274ba3a1-5bbb-4a00-a7e2-9b6d0020dbcc
|s e2668946-9930-4185-8a03-cad81c5e8188
|t 0
|
| 952 |
f |
f |
|p normal
|a Texas A&M University
|b College Station
|c Sterling C. Evans Library
|s Evans stk
|d Evans: Library Stacks
|t 0
|e PS3603.L3543 H47 2022
|h Library of Congress classification
|i unmediated -- volume
|m A14851580622
|